State Bank of Pakistan foreign exchange manual : (Record no. 351954)
[ view plain ]
| 000 -LEADER | |
|---|---|
| fixed length control field | 01132cam a2200349 a 4500 |
| 001 - CONTROL NUMBER | |
| control field | 13592451 |
| 003 - CONTROL NUMBER IDENTIFIER | |
| control field | OSt |
| 005 - DATE AND TIME OF LATEST TRANSACTION | |
| control field | 20180116183100.0 |
| 008 - FIXED-LENGTH DATA ELEMENTS--GENERAL INFORMATION | |
| fixed length control field | 040430s2003 pk b 000 0 eng |
| 010 ## - LIBRARY OF CONGRESS CONTROL NUMBER | |
| LC control number | 2004433082 |
| 025 ## - OVERSEAS ACQUISITION NUMBER | |
| Overseas acquisition number | P-E-2004433082; 34 |
| 035 ## - SYSTEM CONTROL NUMBER | |
| System control number | (DLC) 2004433082 |
| 040 ## - CATALOGING SOURCE | |
| Original cataloging agency | DLC |
| Transcribing agency | DLC |
| Modifying agency | DLC |
| 042 ## - AUTHENTICATION CODE | |
| Authentication code | lcode |
| 043 ## - GEOGRAPHIC AREA CODE | |
| Geographic area code | a-pk--- |
| 050 00 - LIBRARY OF CONGRESS CALL NUMBER | |
| Classification number | KPL2772 |
| Item number | S73 2003 |
| 082 00 - DEWEY DECIMAL CLASSIFICATION NUMBER | |
| Classification number | 343.54910325 |
| Edition number | 22 |
| 110 1# - MAIN ENTRY--CORPORATE NAME | |
| Corporate name or jurisdiction name as entry element | State Bank of Pakistan. |
| 245 10 - TITLE STATEMENT | |
| Title | State Bank of Pakistan foreign exchange manual : |
| Remainder of title | with all instructions & upto date . |
| Statement of responsibility, etc. | by Zia-ul-Islam. |
| 246 30 - VARYING FORM OF TITLE | |
| Title proper/short title | Foreign exchange manual |
| 250 ## - EDITION STATEMENT | |
| Edition statement | 8th. |
| 260 ## - PUBLICATION, DISTRIBUTION, ETC. | |
| Place of publication, distribution, etc. | Lahore : |
| Name of publisher, distributor, etc. | Lahore Law Times Publications, |
| Date of publication, distribution, etc. | 2002 |
| 300 ## - PHYSICAL DESCRIPTION | |
| Extent | 2 v. in 1 (472 p. ) ; |
| Dimensions | 24 cm. |
| 500 ## - GENERAL NOTE | |
| General note | Hard Cover |
| 504 ## - BIBLIOGRAPHY, ETC. NOTE | |
| Bibliography, etc. note | Includes bibliographical references. |
| 610 20 - SUBJECT ADDED ENTRY--CORPORATE NAME | |
| Corporate name or jurisdiction name as entry element | State Bank of Pakistan. |
| 650 #0 - SUBJECT ADDED ENTRY--TOPICAL TERM | |
| Topical term or geographic name entry element | Foreign exchange |
| General subdivision | Law and legislation |
| Geographic subdivision | Pakistan. |
| 700 1# - ADDED ENTRY--PERSONAL NAME | |
| Personal name | Janjua, Zia-ul-Islam. |
| 906 ## - LOCAL DATA ELEMENT F, LDF (RLIN) | |
| a | 7 |
| b | cbc |
| c | origode |
| d | 3 |
| e | ncip |
| f | 20 |
| g | y-gencatlg |
| 942 ## - ADDED ENTRY ELEMENTS (KOHA) | |
| Source of classification or shelving scheme | |
| Koha item type | Book |
| Call number prefix | 343.54910325 |
| Withdrawn status | Lost status | Source of classification or shelving scheme | Damaged status | Not for loan | Collection code | Permanent Location | Current Location | Shelving location | Date acquired | Total Checkouts | Full call number | Barcode | Date last seen | Date last checked out | Price effective from | Koha item type | Public note |
|---|---|---|---|---|---|---|---|---|---|---|---|---|---|---|---|---|---|
| Write Off | Central Library (CL) | Central Library (CL) | General Stacks | 12/09/2016 | 1 | 343.54910325 FOR | NBS4760 | 11/23/2017 | 08/18/2017 | 12/09/2016 | Book | No. 0908/NBS/IRC Dated: 12 June, 2012 |
